MedStudy 2006 Vidio Review of Internal Medine/ (Record no. 48031)
[ view plain ]
| 000 -LEADER | |
|---|---|
| fixed length control field | 00414cam a2200145 4500 |
| 008 - FIXED-LENGTH DATA ELEMENTS--GENERAL INFORMATION | |
| fixed length control field | 100601n 000 0 eng u |
| 020 ## - INTERNATIONAL STANDARD BOOK NUMBER | |
| International Standard Book Number | 1932703071 |
| 035 ## - SYSTEM CONTROL NUMBER | |
| System control number | (Sirsi) a169547 |
| 050 ## - LIBRARY OF CONGRESS CALL NUMBER | |
| Classification number | RC69 |
| Item number | VID 2006 |
| 245 ## - TITLE STATEMENT | |
| Title | MedStudy 2006 Vidio Review of Internal Medine/ |
| Statement of responsibility, etc. | Robert Richards |
| 260 ## - PUBLICATION, DISTRIBUTION, ETC. | |
| Place of publication, distribution, etc. | Colorado Springs: |
| Name of publisher, distributor, etc. | Medstudy corporation, |
| Date of publication, distribution, etc. | 2006 |
| 300 ## - PHYSICAL DESCRIPTION | |
| Extent | 605p. |
| 504 ## - BIBLIOGRAPHY, ETC. NOTE | |
| Bibliography, etc. note | |
| 650 ## - SUBJECT ADDED ENTRY--TOPICAL TERM | |
| Topical term or geographic name entry element | Internal medicine |
No items available.